| 000 | 01075cam a2200289 i 4500 | ||
|---|---|---|---|
| 003 | SA-RiAUC | ||
| 005 | 20251112133620.0 | ||
| 008 | 251030s2009 su g i 000r0 ara c | ||
| 020 | _a9786039006725 | ||
| 040 |
_aSA-JeALM _bara _cSA-RiAUC _erda |
||
| 043 | _aa-su--- | ||
| 050 | 4 | _bA97 2009 | |
| 082 | 0 | 4 |
_a071.535016 _qSA-RiAUC |
| 090 |
_a071.535016 _bا و ا |
||
| 245 | 0 | 0 |
_aأوائل الأعداد من الصحف والمجلات السعودية. _cالمجلة العربية . |
| 264 | 1 |
_aالرياض : _bالمجلة العربية، _c2009 |
|
| 300 |
_a788 صفحة ؛ _c40 سم. |
||
| 336 |
_aنص _btxt _2rdacontent _3كتاب |
||
| 337 |
_aبدون وسيط _bn _2rdamedia |
||
| 338 |
_aمجلد _bnc _2rdacarrier |
||
| 490 | 1 |
_aكتاب العربية. _aالريادة ؛ _v1 |
|
| 650 | 7 |
_aالصحف السعودية _vكشافات _2aucsh |
|
| 650 | 7 |
_aالدوريات السعودية _vكشافات _2aucsh |
|
| 830 | 0 |
_aكتاب العربية. _pالريادة _v1 |
|
| 942 |
_2ddc _cBOOK _n0 |
||
| 949 |
_aSA-JeALM _d251030 _uosman123 _n1 |
||
| 999 |
_c13220 _d13220 |
||